| 000 | 01604cam a22003131i 4500 | ||
|---|---|---|---|
| 003 | SA-RiAUC | ||
| 005 | 20250421092001.0 | ||
| 008 | 250201s1964 su g 00000dara c | ||
| 040 |
_aSA-JeALM _bara _cSA-RiAUC _erda |
||
| 041 | 1 |
_aara _hund |
|
| 043 | _aa-su--- | ||
| 082 | 0 | 4 |
_a953.121 _qSA-RiAUC |
| 090 |
_aن 953.121 _b ن هـ ر |
||
| 100 | 1 |
_aالنهروالي، محمد بن أحمد بن محمد، _dتوفي 988 هجري _eمؤلف. |
|
| 245 | 1 | 2 |
_aتاريخ القطبي، المسمى، كتاب الإعلام بأعلام بيت الله الحرام في تاريخ مكة المكرمة / _cتأليف محمد بن أحمد النهروالي ؛ شرح محمد طاهر بن عبد القادر الكردي ؛ تقديم محمد أمين كتبي. |
| 246 | 3 | 3 | _aالإعلام بأعلام بيت الله الحرام في تاريخ مكة المشرفة |
| 264 | 1 |
_aمكة المكرمة : _bالمكتبة العلمية، _c1951 |
|
| 300 |
_a380 صفحة ؛ _c24 سم |
||
| 336 |
_aنص _btxt _2rdacontent _3كتاب |
||
| 337 |
_aبدون وسيط _bn _2rdamedia |
||
| 338 |
_aمجلد _bnc _2rdacarrier |
||
| 500 | _aملاحظات من الشيخ رحمه الله في بداية الكتاب | ||
| 651 | 7 |
_aمكة المكرمة _xتاريخ _2aucsh |
|
| 651 | 7 |
_aمكة المكرمة _vتراجم _2aucsh |
|
| 700 | 1 |
_aالكردي، محمد طاهر بن عبد القادر، _d1321-1400 هجري _eشارح. |
|
| 700 | 1 |
_aكتبي، محمد أمين، _d1327-1404 هجري _eمقدم. |
|
| 942 |
_2ddc _cRARE BOOK _n0 |
||
| 949 |
_aSA-JeALM _d250201 _uosman123 _n1 |
||
| 999 |
_c7275 _d7275 |
||